|
|
|
|
| LEADER |
00000nam0a2200000 4500 |
| 001 |
318190 |
| 005 |
20231102003042.0 |
| 035 |
|
|
|a (RuTPU)RU\TPU\book\343687
|
| 090 |
|
|
|a 318190
|
| 100 |
|
|
|a 20160422d1975 k y0rusy50 ca
|
| 101 |
0 |
|
|a rus
|
| 102 |
|
|
|a RU
|
| 105 |
|
|
|a a z 001zy
|
| 200 |
1 |
|
|a Многократная переработка и применение капрона в технике
|f Г. Н. Гладышев
|
| 210 |
|
|
|a Москва
|c Химия
|d 1975
|
| 215 |
|
|
|a 64 с.
|c ил.
|
| 320 |
|
|
|a Библиогр.: с. 61-63.
|
| 606 |
1 |
|
|a Капрон
|2 stltpush
|3 (RuTPU)RU\TPU\subj\13814
|9 40375
|
| 610 |
1 |
|
|a свойства
|
| 610 |
1 |
|
|a переработка
|
| 610 |
1 |
|
|a износостойкость
|
| 610 |
1 |
|
|a надежность
|
| 675 |
|
|
|a 677.494
|v 3
|
| 700 |
|
1 |
|a Гладышев
|b Г. Н.
|g Герман Николаевич
|
| 801 |
|
1 |
|a RU
|b 63413507
|c 20160422
|
| 801 |
|
2 |
|a RU
|b 63413507
|c 20160422
|g RCR
|
| 942 |
|
|
|c BK
|